Respuestas claras y sencillas a las objeciones que más comúnmente suelen hacerse contra la religión /
El apologista monseñor Gastón de Ségur, nacido en 1820 y muerto en 1881, formula en esta obra 57 objeciones (interrogaciones, negaciones, afirmaciones) a la religión católica y expone sus correspondientes respuestas.
Spremljeno u:
| Glavni autor: | |
|---|---|
| Daljnji autori: | |
| Format: | Knjiga |
| Jezik: | španjolski |
| Teme: | |
| Oznake: |
Bez oznaka, Budi prvi tko označuje ovaj zapis!
|
MARC
| LEADER | 00000nam^a2200000^a^4500 | ||
|---|---|---|---|
| 001 | 000122199 | ||
| 005 | 20250526000000.0 | ||
| 009 | 20260310094455.744 | ||
| 037 | |a Acervo ITESO - Biblioteca | ||
| 041 | |a ESP | ||
| 082 | |a 230. 2 |b SEG | ||
| 100 | |a Ségur, Gaston de |e (autor) | ||
| 245 | 1 | 0 | |a Respuestas claras y sencillas a las objeciones que más comúnmente suelen hacerse contra la religión / |c G. de Ségur ; tr. por G. Tejado. |
| 264 | |a Madrid, España : |b Apostolado de la Prensa, |c 1920 | ||
| 300 | |a 252 p. ; |c 17.0 cm. | ||
| 336 | |a texto |b txt |2 rdacontenido | ||
| 337 | |a sin mediación |b n |2 rdamedio | ||
| 338 | |a volumen |b nc |2 rdasoporte | ||
| 520 | |a El apologista monseñor Gastón de Ségur, nacido en 1820 y muerto en 1881, formula en esta obra 57 objeciones (interrogaciones, negaciones, afirmaciones) a la religión católica y expone sus correspondientes respuestas. | ||
| 649 | |a XX | ||
| 650 | |a Apologética | ||
| 650 | |a Teología Doctrinal | ||
| 650 | |a Iglesia Católica | ||
| 650 | |a Catolicismo | ||
| 650 | |a Cristianismo | ||
| 650 | |a Religión | ||
| 700 | |a Tejado, Gabino |e (traducción) | ||
| 910 | |a Fondo General | ||
| 920 | |a Impresos - Libros | ||
| 930 | |a Libros Antiguos y Raros | ||
| 905 | |a 108 | ||
| 901 | |a 0500057664 |b IT2 |c LRA |u 20250526 | ||
| 902 | |a https://opac.biblio.iteso.mx/vufind/Record/000122199 | ||